Jeu des feats #1 - Statistiques

Statistiques générales
  • Ce quiz a été pris 21 fois
  • Le résultat moyen est 3 sur 10
Statistiques - réponses
Hint Réponse % Correct
Gims, Stromae, NekfeuDizzee Rascal, Ibeyi La fête est finie, Orelsan
61%
Dosseh, PLK, Jul MVP, Mister v
50%
Alpha Wann, Damso, Nekfeu,Hamza, Fousheé, Wit., Slowthai L'étrange histoire de monsieur Anderson, Laylow
44%
Guy2Bezbar, Laylow, Naza,Sofiane Pamart, Soleil Noir, Eazy Dew M.A.N, Josman
39%
Nekfeu, Di-meh, Sheldon,Sheldon, 3010, Doums Adios Bahamas, Népal
28%
Laylow, Arma Jackson, Nekfeu,Alpha Wann, S.Pri Noir, Lefa Nouvo Mode, Sneazy
28%
Alpha Wann, Josman, Edge, Nekfeu, Robdbloc, Laylow Memoria, Jazzy Bazz
22%
Dinos, Kerchak 2069', PLK
17%
Django, Dxvl, Sheldon, Mairo Baiser, Wallace Cleaver
17%
$ouley, Zamdane, S-Téban Errr, La Fève
17%
Aucun quiz correspondant
Distribution des résultats
% des personnes avec chaque résultat
Percentile par nombre de réponses
Votre historique - résultats
Vous n’avez pas pris ce quiz